01374cam a22003134a 4500999001700000001000900017005001700026008004100043010001700084020001500101040001800116042000800134043001200142050003000154100003200184245009700216260007400313300004700387440005500434504006400489650001300553650005900566650003900625856007400664856008800738856007600826942003500902952012300937 c17733d177331304525320161129094032.0030102s2004 enka b 001 0 eng  a 2003040904 a0521820162 aDLCcDLCdDLC apcc ae-gr---00aNK4650 b .L5034 20041 aOakley, John Howard,d1949-10aPicturing death in classical Athens :bthe evidence of the white lekythoi /cJohn H. Oakley. aCambridge, U.K. ;aNew York, NY :bCambridge University Press,c2004. axxvi, 268 p. :bill. (some col.) ;c29 cm. 0aCambridge studies in classical art and iconography aIncludes bibliographical references (p. 255-260) and index. 0aLecythi. 0aVase-painting, GreekzGreecezAthensxThemes, motives. 0aGreeksxFuneral customs and rites.413Sample textuhttp://www.loc.gov/catdir/samples/cam051/2003040904.html423Publisher descriptionuhttp://www.loc.gov/catdir/description/cam032/2003040904.html413Table of contentsuhttp://www.loc.gov/catdir/toc/cam031/2003040904.html 2lcccBOOKShNK4650 .L5034 2004 00102lcc4070aMUCbMUCcGENd2016-11-29eDonation(BFA)l0oNK4650 .L5034 2004p28879r2018-06-08w2016-11-29yBOOKS